A BRIEF HISTORY OF TIME (Record no. 4923)
[ view plain ]
| 000 -LEADER | |
|---|---|
| fixed length control field | 00355nam a22001457a 4500 |
| 020 ## - INTERNATIONAL STANDARD BOOK NUMBER | |
| ISBN | 81-8801-459-1 |
| 082 ## - DEWEY DECIMAL CLASSIFICATION NUMBER | |
| Classification number | 894.812 |
| Item number | HAW/E |
| 100 ## - MAIN ENTRY--AUTHOR NAME | |
| Personal name | HAKING, STEEPHAN |
| 245 ## - TITLE STATEMENT | |
| Title | A BRIEF HISTORY OF TIME |
| Remainder of title | FROM THE BIG BANG TO BLACK HOLES |
| 260 ## - PUBLICATION, DISTRIBUTION, ETC. (IMPRINT) | |
| Place of publication | KOZHIKODE |
| Name of publisher | LIPI PUBLICATIONS |
| Year of publication | 2010 |
| 300 ## - PHYSICAL DESCRIPTION | |
| Number of Pages | 208 |
| 520 ## - SUMMARY, ETC. | |
| Summary, etc | NOVEL |
| 650 ## - SUBJECT ADDED ENTRY--TOPICAL TERM | |
| Topical Term | NOVEL |
| 942 ## - ADDED ENTRY ELEMENTS (KOHA) | |
| Koha item type | Books |
| Withdrawn status | Lost status | Collection code | Home library | Current library | Shelving location | Date acquired | Source of acquisition | Cost, normal purchase price | Full call number | Accession Number | Koha item type |
|---|---|---|---|---|---|---|---|---|---|---|---|
| Fiction | Main Library | Main Library | SHELF-16- I- MALAYALAM NOVELS,FICTIONS | 03/12/2013 | Purchase | 125.00 | 894.812 HAW/E | 07289 | Books |